000 00589nam a2200205Ia 4500
005 20250508152802.0
008 008 250505s9999 xx 000 0 eng d
037 _aTextual
040 _aFEDL
_beng
_cFEDL
041 _aeng
_2eng
084 _a371.42, WHI
_qFEDL
100 _aWhite Mary Alice
_984403
245 0 _aSchool psychologist
260 _aNew York, USA
_bHarper and Brothers Publisher
_c1961
300 _avii,431p.
490 _aExploration in education
700 _a Harris Myron W
_9762375
942 _cTEXL
_h371.42, WHI
999 _c1338740
_d1338740